[Event "AUTO-INT-1177"]
[Site "http://www.queenalice.com/game.php?id=526208"]
[Date "2009.1.20"]
[Round "1"]
[White "yanefernandes"]
[Black "adventura"]
[Result "0-1"]
[WhiteElo "1498"]
[BlackElo "1684"]

1. e4 e5 2. Nf3 Nc6 3. Bc4 Bc5 4. c3 Nf6 5. d4 exd4 6. cxd4 Bb4+ 7. Bd2 Nxe4 8.
Bxb4 Nxb4 9. Qe2 d5 10. Bd3 O-O 11. O-O Re8 12. Nbd2 Ng3 13. Qd1 Nxf1 14. Bxf1
Bg4 15. a3 Nc6 16. h3 Bh5 17. Qb3 b6 18. Rc1 Qf6 19. Bb5 Re6 20. Qxd5 Rd8 21.
Qc4 Ne7 22. Ne5 c5 23. Bd7 Rd6 24. Ndf3 Bxf3 25. Nxf3 R6xd7 26. Ne5 Rxd4 27. Qe2
Ng6 28. Nf3 R4d5 29. Re1 h6 30. Kh2 Nf4 31. Qe4 Nd3 0-1

[Event "AUTO-INT-1177"]
[Site "http://www.queenalice.com/game.php?id=526209"]
[Date "2009.1.20"]
[Round "1"]
[White "adventura"]
[Black "yanefernandes"]
[Result "1-0"]
[WhiteElo "1661"]
[BlackElo "1513"]

1. d4 d5 2. Nf3 Bg4 3. Nc3 Bxf3 4. gxf3 Nf6 5. e4 dxe4 6. fxe4 e6 7. Bg2 Bb4 8.
e5 Nd5 9. Bd2 c6 10. O-O Nxc3 11. Bxc3 Bxc3 12. bxc3 Nd7 13. Kh1 f6 14. Re1 f5
15. Rg1 O-O 16. Qh5 c5 17. Bxb7 Rb8 18. Bc6 Nb6 19. Rg3 cxd4 20. Rag1 g6 21.
Rxg6+ Kh8 22. Rh6 Qc7 23. Rxe6 Rg8 24. Rxg8+ Rxg8 25. Qxf5 Qg7 26. Qf6 dxc3 27.
f4 Nc4 28. Qxg7+ Rxg7 29. Re8+ Rg8 30. Rxg8+ Kxg8 31. Bd5+ 1-0

[Event "AUTO-INT-1177"]
[Site "http://www.queenalice.com/game.php?id=526224"]
[Date "2009.1.20"]
[Round "1"]
[White "alesson"]
[Black "adventura"]
[Result "0-1"]
[WhiteElo "1507"]
[BlackElo "1642"]

1. e4 e5 2. Qh5 Nc6 3. Bb5 Nf6 4. Qf3 Nd4 5. Qg3 Nxc2+ 6. Kf1 Nxa1 7. Qxe5+ Be7
8. Nf3 O-O 9. b3 Nc2 10. Bd3 Nb4 11. Bc4 d5 12. exd5 Nbxd5 13. Nc3 c6 14. Nxd5
cxd5 15. Bd3 Re8 16. Bb2 Bg4 17. Ng5 Bb4 18. Bxh7+ Kf8 19. Qd4 Qa5 20. a3 Bxd2
21. b4 Re1# 0-1

[Event "AUTO-INT-1177"]
[Site "http://www.queenalice.com/game.php?id=526225"]
[Date "2009.1.20"]
[Round "1"]
[White "adventura"]
[Black "alesson"]
[Result "0-1"]
[WhiteElo "1678"]
[BlackElo "1539"]

1. d4 d5 2. Nf3 e6 3. Bf4 Qf6 4. Bxc7 Na6 5. Be5 Qg6 6. e3 Nb4 7. Bd3 Nxd3+ 8.
Qxd3 Qxd3 9. cxd3 Bb4+ 10. Nc3 f6 11. Bg3 Ne7 12. e4 dxe4 13. dxe4 f5 14. O-O
Bxc3 15. bxc3 fxe4 16. Ne5 O-O 17. Rae1 Nd5 18. c4 Nc3 19. f3 exf3 20. Nxf3 Nxa2
21. Ne5 Rxf1+ 22. Rxf1 Nc3 23. Re1 b5 24. c5 a5 25. Nc6 Nd5 26. Bd6 b4 27. Ne7+
Nxe7 28. Bxe7 a4 29. c6 b3 30. c7 a3 31. Bb4 a2 32. Bc3 h5 33. Kf2 Ra7 34. d5
Rxc7 35. Bd4 exd5 0-1

[Event "AUTO-INT-1177"]
[Site "http://www.queenalice.com/game.php?id=526236"]
[Date "2009.1.20"]
[Round "1"]
[White "adventura"]
[Black "wandi"]
[Result "0-1"]
[WhiteElo "1619"]
[BlackElo "1466"]

1. d4 Nf6 2. c4 d6 3. Nc3 Nbd7 4. e4 e5 5. d5 Nc5 6. f3 Be7 7. Nce2 O-O 8. Ng3
g6 9. Nh3 a6 10. Ng5 Nfd7 11. h4 Nb6 12. b3 a5 13. Be2 f6 14. Nh3 Bxh3 15. Rxh3
c6 16. Bh6 Re8 17. Kf2 Bf8 18. Qd2 Qd7 19. Bxf8 Rxf8 20. h5 g5 21. Nf5 g4 22.
Rh4 gxf3 23. gxf3 a4 24. Rg1+ Kf7 25. Rg7+ Ke8 26. Rxd7 Nbxd7 27. Nxd6+ Ke7 28.
Nf5+ Kd8 29. Rg4 axb3 30. axb3 Nxb3 0-1

[Event "AUTO-INT-1177"]
[Site "http://www.queenalice.com/game.php?id=526237"]
[Date "2009.1.20"]
[Round "1"]
[White "wandi"]
[Black "adventura"]
[Result "0-1"]
[WhiteElo "1467"]
[BlackElo "1680"]

1. e4 e5 2. Nf3 Nc6 3. Bc4 Bc5 4. O-O Nf6 5. Nc3 d6 6. d3 Bg4 7. h3 Bh5 8. Qd2
Bxf3 9. gxf3 Nd4 10. Qg5 Nxf3+ 11. Kg2 Nxg5 12. Bxg5 O-O 13. f4 Kh8 14. Bd5 c6
15. Bb3 h6 16. Bh4 exf4 17. Rxf4 g5 18. Bxg5 hxg5 19. Rf5 Nh7 20. Bxf7 g4 21.
hxg4 Qh4 22. g5 Nxg5 23. Rh1 Nh3 24. Rxh3 Rg8+ 25. Kh2 Bg1+ 26. Kh1 Qxh3# 0-1

[Event "Challenge"]
[Site "http://www.queenalice.com/game.php?id=531595"]
[Date "2009.1.29"]
[Round "-"]
[White "ingridcardoso"]
[Black "adventura"]
[Result "0-1"]
[WhiteElo "1481"]
[BlackElo "1686"]

1. e4 e5 2. Nf3 Nc6 3. Bb5 a6 4. Bxc6 dxc6 5. O-O Bd6 6. d4 exd4 7. Qxd4 f6 8.
Nc3 Bg4 9. Ne1 Bxh2+ 10. Kxh2 Qxd4 0-1

[Event "AUTO-ADV-1204"]
[Site "http://www.queenalice.com/game.php?id=534036"]
[Date "2009.2.3"]
[Round "1"]
[White "adventura"]
[Black "anax"]
[Result "0-1"]
[WhiteElo "1714"]
[BlackElo "1823"]

1. d4 e6 2. c4 c6 3. c5 d6 4. b4 b6 5. Qc2 bxc5 6. bxc5 d5 7. Bf4 Nd7 8. Nf3 h6
9. e3 Ngf6 10. Ne5 Nxe5 11. Bxe5 Nd7 12. Bg3 Qg5 13. Bd3 e5 14. Bf5 e4 15. O-O
Qxf5 16. Nd2 Ba6 17. Rfb1 Bd3 18. Qa4 Bxb1 19. Rxb1 Qe6 0-1

[Event "AUTO-ADV-1204"]
[Site "http://www.queenalice.com/game.php?id=534037"]
[Date "2009.2.3"]
[Round "1"]
[White "anax"]
[Black "adventura"]
[Result "1-0"]
[WhiteElo "1831"]
[BlackElo "1702"]

1. d4 d5 2. e3 Nf6 3. h3 Nc6 4. a3 e5 5. dxe5 Nxe5 6. f3 Bd6 7. Nc3 Bf5 8. Bd3
Nxd3+ 9. cxd3 Nh5 10. Nge2 Ng3 11. Nxg3 Bxg3+ 12. Ke2 O-O 13. f4 h5 14. Qb3 b6
15. Nxd5 Be6 16. e4 c6 17. d4 cxd5 18. Qxg3 dxe4 19. Rd1 Re8 20. Ke3 Bb3 21. Re1
a5 22. Bd2 a4 23. Bc3 Rc8 24. d5 f6 25. Kf2 Bxd5 26. Rad1 Rc5 27. Qg6 Qd7 28.
Qxh5 Qb5 29. Rd4 Bf7 30. Qg4 f5 31. Qg5 Rec8 32. Rb4 1-0

[Event "AUTO-ADV-1204"]
[Site "http://www.queenalice.com/game.php?id=534038"]
[Date "2009.2.3"]
[Round "1"]
[White "adventura"]
[Black "reghini"]
[Result "0-1"]
[WhiteElo "1597"]
[BlackElo "1865"]

1. e4 e5 2. Nf3 d6 3. d4 exd4 4. Nxd4 Nf6 5. Nc3 Be7 6. Be2 c5 7. Nf5 Bxf5 8.
exf5 Nc6 9. O-O Qd7 10. Re1 O-O 11. g4 Ne5 12. h3 Qc6 13. Bf4 Rad8 14. Kh2 Ne8
15. Qd2 Nf3+ 16. Bxf3 Qxf3 17. Rxe7 Nf6 18. Qe3 Qc6 19. Re1 d5 0-1

[Event "AUTO-ADV-1204"]
[Site "http://www.queenalice.com/game.php?id=534039"]
[Date "2009.2.3"]
[Round "1"]
[White "reghini"]
[Black "adventura"]
[Result "1-0"]
[WhiteElo "1870"]
[BlackElo "1592"]

1. e4 e5 2. Nf3 Nc6 3. Bb5 a6 4. Bxc6 dxc6 5. d3 Bg4 6. Be3 Nf6 7. Nbd2 Be7 8.
O-O O-O 9. Qe1 Bb4 10. c3 Ba5 11. Nxe5 Re8 12. d4 Re6 13. f3 Bh5 14. Qg3 Bg6 15.
Nxg6 fxg6 16. Bg5 h6 17. Bxh6 gxh6 18. Qxg6+ Kf8 19. e5 Qe8 20. Qxh6+ 1-0

[Event "AUTO-ADV-1204"]
[Site "http://www.queenalice.com/game.php?id=534040"]
[Date "2009.2.3"]
[Round "1"]
[White "adventura"]
[Black "Jajer"]
[Result "0-1"]
[WhiteElo "1632"]
[BlackElo "1700"]

1. d4 b6 2. c4 Bb7 3. Nc3 e6 4. e4 Bb4 5. f3 f5 6. e5 Nc6 7. Ne2 g5 8. g3 Nge7
9. Bxg5 h6 10. Bf6 Rg8 11. Qd2 Rg6 12. O-O-O Ba6 13. Nf4 Rg8 14. Nh5 d6 15. Qxh6
Qd7 16. Qh7 O-O-O 17. d5 exd5 0-1

[Event "AUTO-ADV-1204"]
[Site "http://www.queenalice.com/game.php?id=534041"]
[Date "2009.2.3"]
[Round "1"]
[White "Jajer"]
[Black "adventura"]
[Result "1-0"]
[WhiteElo "1686"]
[BlackElo "1646"]

1. c4 e5 2. g3 Nf6 3. Bg2 Nc6 4. Nc3 Bc5 5. e3 O-O 6. Nge2 d6 7. O-O Nb4 8. a3
Nd3 9. Na4 Qe7 10. Nec3 e4 11. Nd5 Nxd5 12. cxd5 f5 13. b4 Bb6 14. Nxb6 axb6 15.
Qc2 c6 16. dxc6 bxc6 17. Qxc6 1-0

[Event "AUTO-ADV-1215"]
[Site "http://www.queenalice.com/game.php?id=538617"]
[Date "2009.2.11"]
[Round "1"]
[White "rafaelalves"]
[Black "adventura"]
[Result "1-0"]
[WhiteElo "1699"]
[BlackElo "1676"]

1. d4 d5 2. e3 Nf6 3. Nf3 e6 4. a3 Nc6 5. c4 dxc4 6. Bxc4 Bd6 7. O-O Bd7 8. b4
O-O 9. d5 exd5 10. Bxd5 Nxd5 11. Qxd5 Kh8 12. Ng5 Qf6 13. Ra2 h6 14. Ne4 Qg6 15.
f3 Be6 16. Qd2 Bxa2 17. Qxa2 Rad8 18. Nbc3 Rfe8 19. Nxd6 Rxd6 20. e4 Nd4 21. Bf4
Rc6 22. Nd5 1-0

[Event "AUTO-ADV-1215"]
[Site "http://www.queenalice.com/game.php?id=538618"]
[Date "2009.2.11"]
[Round "1"]
[White "adventura"]
[Black "rafaelalves"]
[Result "0-1"]
[WhiteElo "1660"]
[BlackElo "1714"]

1. e4 e5 2. Nf3 d6 3. Bc4 Be7 4. c3 Qd7 5. d4 Qg4 6. O-O Qxe4 7. Ng5 Bxg5 8.
Bxg5 Qg4 9. Qxg4 Bxg4 10. f3 Bf5 11. Re1 f6 12. Bh4 Ne7 13. Nd2 Nbc6 14. dxe5
dxe5 15. Rad1 O-O-O 16. Bf2 Bc2 17. Rc1 Rxd2 18. Be3 Rd6 19. Rxc2 Rhd8 20. Be6+
Rxe6 21. Rd2 Rxd2 22. Bxd2 Rd6 0-1

[Event "AUTO-ADV-1215"]
[Site "http://www.queenalice.com/game.php?id=538631"]
[Date "2009.2.11"]
[Round "1"]
[White "Vinicius_Albuquerque"]
[Black "adventura"]
[Result "1-0"]
[WhiteElo "1787"]
[BlackElo "1564"]

1. d4 d5 2. c4 c6 3. Nc3 Nf6 4. Nf3 dxc4 5. e3 b5 6. a3 Bg4 7. h3 Bh5 8. Be2 e6
9. O-O Bd6 10. Qc2 O-O 11. a4 a6 12. axb5 cxb5 13. Nxb5 Nc6 14. Nxd6 Qxd6 15.
Qxc4 Ne4 16. Rxa6 Rxa6 17. Qxa6 f5 18. b3 Nb4 19. Qxd6 Nxd6 20. Ba3 Rb8 21. Rb1
Ne4 22. Bxb4 1-0

[Event "AUTO-ADV-1215"]
[Site "http://www.queenalice.com/game.php?id=538632"]
[Date "2009.2.11"]
[Round "1"]
[White "adventura"]
[Black "Vinicius_Albuquerque"]
[Result "0-1"]
[WhiteElo "1710"]
[BlackElo "1736"]

1. e4 c5 2. Nf3 e6 3. d4 cxd4 4. Nxd4 a6 5. Nc3 Nf6 6. Be3 Nc6 7. Bd3 d6 8. O-O
g6 9. f4 Bg7 10. Qf3 e5 11. fxe5 Nxe5 12. Qg3 O-O 13. Rf2 Nh5 14. Qg5 Bf6 15.
Qh6 Ng4 16. Qxf8+ Kxf8 17. Rf3 Nxe3 18. Rxe3 Bxd4 0-1

[Event "AUTO-ADV-1215"]
[Site "http://www.queenalice.com/game.php?id=538639"]
[Date "2009.2.11"]
[Round "1"]
[White "agjjr"]
[Black "adventura"]
[Result "0-1"]
[WhiteElo "1723"]
[BlackElo "1688"]

1. e4 e5 2. Nf3 Nc6 3. Bc4 Bc5 4. d3 Nf6 5. Nc3 d6 6. Bg5 Bg4 7. Nd5 Nd4 8.
Nxf6+ gxf6 9. Bh6 Nxf3+ 10. gxf3 Bh3 11. Rg1 c6 12. f4 f5 13. Bxf7+ Kd7 14. Bg5
Qf8 15. Qh5 Bg4 16. Rxg4 fxg4 17. Qxg4+ Kc7 0-1

[Event "AUTO-ADV-1215"]
[Site "http://www.queenalice.com/game.php?id=538640"]
[Date "2009.2.11"]
[Round "1"]
[White "adventura"]
[Black "agjjr"]
[Result "1-0"]
[WhiteElo "1712"]
[BlackElo "1723"]

1. e4 c5 2. Nf3 d6 3. d4 cxd4 4. Nxd4 Nc6 5. Nc3 Nf6 6. Bg5 g6 7. Qd2 Bg7 8. Bb5
Bd7 9. O-O-O O-O 10. Rhe1 Qc7 11. f4 Bg4 12. Nf3 Bxf3 13. gxf3 a6 14. Ba4 b5 15.
Bb3 Rab8 16. Re2 a5 17. a3 1-0

[Event "Challenge"]
[Site "http://www.queenalice.com/game.php?id=548395"]
[Date "2009.3.1"]
[Round "-"]
[White "Kingkila"]
[Black "adventura"]
[Result "1-0"]
[WhiteElo "1755"]
[BlackElo "1692"]

1. e4 e5 2. Bc4 Nf6 3. d3 Nc6 4. Bg5 Be7 5. c3 O-O 6. Nf3 d6 7. d4 exd4 8. Bxf6
Bxf6 9. Nxd4 Re8 10. Qd3 Bf5 11. Nxf5 1-0

[Event "Challenge"]
[Site "http://www.queenalice.com/game.php?id=549125"]
[Date "2009.3.2"]
[Round "-"]
[White "TROPEIRU"]
[Black "adventura"]
[Result "1-0"]
[WhiteElo "1740"]
[BlackElo "1557"]

1. e4 e5 2. Nf3 Nc6 3. Bb5 a6 4. Bxc6 dxc6 5. Nc3 f6 6. d3 Bg4 7. h3 Bxf3 8.
Qxf3 Bb4 9. Bd2 Ne7 10. Qg3 g6 11. a3 Ba5 12. b4 Bb6 13. O-O 1-0